El allanamiento previo para regularizar deudas (Registro nro. 22472)
[ vista simple ]
| 000 -LEADER | |
|---|---|
| fixed length control field | 00341 a2200109 4500 |
| 001 - CONTROL NUMBER | |
| control field | ART_52117 |
| 005 - DATE AND TIME OF LATEST TRANSACTION | |
| control field | 20260410161822.0 |
| 008 - FIXED-LENGTH DATA ELEMENTS--GENERAL INFORMATION | |
| fixed length control field | 260409a |
| 100 1# - MAIN ENTRY--PERSONAL NAME | |
| Personal name | Vega, Gerardo E. |
| 245 10 - TITLE STATEMENT | |
| Title | El allanamiento previo para regularizar deudas |
| 773 0# - HOST ITEM ENTRY | |
| Title | Doctrina Penal Tributaria y Económica |
| Related parts | - N° 58 (dic. 2020) |
| Record control number | REV4317 |
No hay ítems disponibles.